<?xml version="1.0" encoding="UTF-8"?>
<record
    xmlns:xsi="http://www.w3.org/2001/XMLSchema-instance"
    xsi:schemaLocation="http://www.loc.gov/MARC21/slim http://www.loc.gov/standards/marcxml/schema/MARC21slim.xsd"
    xmlns="http://www.loc.gov/MARC21/slim">

  <leader>01719cam a2200217 i 4500</leader>
  <datafield tag="020" ind1=" " ind2=" ">
    <subfield code="a">9781422186411 (hardback)</subfield>
  </datafield>
  <datafield tag="040" ind1=" " ind2=" ">
    <subfield code="c">DLC</subfield>
  </datafield>
  <datafield tag="082" ind1="0" ind2="0">
    <subfield code="a">158 HAL 2015 A114 Or.</subfield>
  </datafield>
  <datafield tag="100" ind1="1" ind2=" ">
    <subfield code="a">Hallowell, Edward M.</subfield>
  </datafield>
  <datafield tag="245" ind1="1" ind2="0">
    <subfield code="a">Driven to distraction at work :</subfield>
    <subfield code="b">how to focus and be more productive /</subfield>
  </datafield>
  <datafield tag="300" ind1=" " ind2=" ">
    <subfield code="a">viii, 247 pages :</subfield>
    <subfield code="b">illustrations ;</subfield>
    <subfield code="c">25 cm</subfield>
  </datafield>
  <datafield tag="520" ind1=" " ind2=" ">
    <subfield code="a">"From the bestselling author of Driven to Distraction, the world's leading expert on ADD and ADHD tackles attention deficit inside today's workplaces.  Ned Hallowell, known for his work with children and adults, now identifies the underlying reasons why people really lose their ability to focus at work--where many of today's adults feel distracted and unproductive. He explains why commonly offered solutions like "learn to manage your time better" or "make a to-do list" just don't work because they don't address the deeper, underlying issues of mental distraction at play.  Through a set of reliable techniques, Hallowell shows how anyone can regain control of their attention and most productive mental state. By identifying the most common patterns for how and why people surrender their attention, Hallowell helps readers acknowledge and break the habits that undermine their effectiveness. Illustrated with compelling stories based on the successful diagnosis and treatment of thousands of people who have sought Dr. Hallowell's help"--</subfield>
  </datafield>
  <datafield tag="650" ind1=" " ind2="0">
    <subfield code="a">Distraction (Psychology)</subfield>
  </datafield>
  <datafield tag="650" ind1=" " ind2="0">
    <subfield code="a">Attention.</subfield>
  </datafield>
  <datafield tag="650" ind1=" " ind2="0">
    <subfield code="a">Time management.</subfield>
  </datafield>
  <datafield tag="650" ind1=" " ind2="0">
    <subfield code="a">Psychology, Industrial.</subfield>
  </datafield>
  <datafield tag="650" ind1=" " ind2="7">
    <subfield code="a">BUSINESS &amp; ECONOMICS / Management.</subfield>
  </datafield>
  <datafield tag="650" ind1=" " ind2="7">
    <subfield code="a">SELF-HELP / Personal Growth / Success.</subfield>
  </datafield>
  <datafield tag="650" ind1=" " ind2="7">
    <subfield code="a">SELF-HELP / Personal Growth / General.</subfield>
  </datafield>
  <datafield tag="942" ind1=" " ind2=" ">
    <subfield code="c">EK</subfield>
  </datafield>
  <datafield tag="999" ind1=" " ind2=" ">
    <subfield code="c">17420</subfield>
    <subfield code="d">17420</subfield>
  </datafield>
  <datafield tag="952" ind1=" " ind2=" ">
    <subfield code="0">0</subfield>
    <subfield code="1">0</subfield>
    <subfield code="4">0</subfield>
    <subfield code="6">158_000000000000000_HAL_2015_A114_OR</subfield>
    <subfield code="7">0</subfield>
    <subfield code="9">75613</subfield>
    <subfield code="a">LBA</subfield>
    <subfield code="b">LBA</subfield>
    <subfield code="c">A114</subfield>
    <subfield code="d">2018-11-26</subfield>
    <subfield code="o">158 HAL 2015 A114 Or.</subfield>
    <subfield code="p">A35413</subfield>
    <subfield code="r">2018-11-26</subfield>
    <subfield code="y">EK</subfield>
  </datafield>
  <datafield tag="952" ind1=" " ind2=" ">
    <subfield code="0">0</subfield>
    <subfield code="1">0</subfield>
    <subfield code="4">0</subfield>
    <subfield code="6">158_000000000000000_HAL_2015_A114_OR</subfield>
    <subfield code="7">0</subfield>
    <subfield code="9">75614</subfield>
    <subfield code="a">LBA</subfield>
    <subfield code="b">LBA</subfield>
    <subfield code="c">A114</subfield>
    <subfield code="d">2018-11-26</subfield>
    <subfield code="o">158 HAL 2015 A114 Or.</subfield>
    <subfield code="p">A37882</subfield>
    <subfield code="r">2018-11-26</subfield>
    <subfield code="y">EK</subfield>
  </datafield>
</record>
